logo

Bir Sreshtho Munshi Abdur Rouf Library
Jhenaidah Cadet College

The Oxford companion to military history / (Record no. 9791)

MARC details
000 -LEADER
fixed length control field 01785cam a22003614a 4500
001 - CONTROL NUMBER
JCCL Control Number 9791
003 - CONTROL NUMBER IDENTIFIER
JCCL marc code BD-JhCC
005 - DATE AND TIME OF LATEST TRANSACTION
control field 20180401104829.0
008 - FIXED-LENGTH DATA ELEMENTS--GENERAL INFORMATION
fixed length control field 180401s2001 enkab b 001 0 eng c
020 ## - INTERNATIONAL STANDARD BOOK NUMBER
International Standard Book Number 0198662092
035 ## - SYSTEM CONTROL NUMBER
system control number (OCoLC)ocm47104779
-- (BD-JhCC)9791
040 ## - CATALOGING SOURCE
Original cataloging agency ORX
Transcribing agency ORX
Modifying agency UKM
-- UMC
-- AFQ
-- OMP
-- DLC
-- BD-JhCC
041 ## - LANGUAGE CODE
Language code of Book eng
050 00 - LIBRARY OF CONGRESS CALL NUMBER
Classification number D25.A2
Item number O94 2001
082 ## - DEWEY DECIMAL CLASSIFICATION NUMBER
Author mark and Year OXF 2001
Classification number 355.009
245 04 - TITLE STATEMENT
Title The Oxford companion to military history /
Statement of responsibility, etc edited by Richard Holmes ; consultant editor, Hew Strachan ; Associate editors, Christopher Bellamy and Hugh Bicheno.
246 30 - VARYING FORM OF TITLE
Title proper/short title Companion to military history
246 30 - VARYING FORM OF TITLE
Title proper/short title Military history
260 ## - PUBLICATION, DISTRIBUTION, ETC. (IMPRINT)
Place of publication, distribution, etc Oxford ;
-- New York :
Name of publisher, distributor, etc Oxford University Press,
Date of publication, distribution, etc 2001.
300 ## - PHYSICAL DESCRIPTION
Pagination xvii, 1048 p. :
Other physical details ill., maps ;
Dimensions 26 cm.
504 ## - BIBLIOGRAPHY, ETC. NOTE
Bibliography, etc Includes bibliographical references and index.
520 1# - SUMMARY, ETC.
Summary, etc "This Oxford companion does much to untangle the long and complicated history of military events in Europe and North America since the 18th century. The thoughtful entries are clear, concise, and readable, with a number of extended entries on such subjects as artillery, infantry, and the science and technology of war."--"Outstanding Reference Sources," American Libraries, May 2002.
650 #0 - SUBJECT ADDED ENTRY--TOPICAL TERM
Topical term or geographic name as entry element Military history.
700 1# - ADDED ENTRY--PERSONAL NAME
Personal name Holmes, Richard,
Dates associated with a name 1946-2011.
700 1# - ADDED ENTRY--PERSONAL NAME
Personal name Strachan, Hew.
700 1# - ADDED ENTRY--PERSONAL NAME
Personal name Bellamy, Chris.
700 1# - ADDED ENTRY--PERSONAL NAME
Personal name Bicheno, Hugh.
856 42 - ELECTRONIC LOCATION AND ACCESS
Materials specified Publisher description
Uniform Resource Identifier http://www.loc.gov/catdir/enhancements/fy0637/2001273896-d.html
856 41 - ELECTRONIC LOCATION AND ACCESS
Materials specified Table of contents only
Uniform Resource Identifier http://www.loc.gov/catdir/enhancements/fy0637/2001273896-t.html
856 42 - ELECTRONIC LOCATION AND ACCESS
Materials specified Contributor biographical information
Uniform Resource Identifier http://www.loc.gov/catdir/enhancements/fy0724/2001273896-b.html
942 ## - ADDED ENTRY ELEMENTS (KOHA)
Source of classification or shelving scheme Dewey Decimal Classification
Koha item type Reference
Holdings
Source of classification or shelving scheme Damaged status Not for loan Home library Current library Shelving location Date of accession Total Checkouts Full call number Barcode Date last seen Copy number Koha item type
Dewey Decimal Classification     JCC Rouf Library JCC Rouf Library General Stacks 04/01/2018   355.009 OXF 2001 13265 04/01/2018 C-1 Reference

JCC Library | Contacts | JCC Home

Last Update on 23 September 2017
Copyright @ 2017-2020 JCC Rouf Library
Rouf Library, Jhenidah Cadet College (JCC), Bangladesh